Statistics for Most Famous Plates Served in Italy

Click here to take the quiz!

General Stats

  • This quiz has been taken 15 times
  • The average score is 5 of 8

Answer Stats

Answer% Correct
Pizza
100%
Pasta
91%
Lasagna
82%
Ravioli
55%
Risotto
55%
Focaccia
45%
Gnocchi
45%
Bruschetta
36%

Score Distribution

Percentile by Number Answered

Percent of People with Each Score

Your Score History

You have not taken this quiz